000 00354pab a2200157 454500
008 180718b2008 xxu||||| |||| 00| 0 eng d
100 _aSaran, Shyan
245 _aClimatic change: multilateral negotiations
260 _c2008
300 _ap.5-7.
362 _aJun
650 _aClimatic change
773 _aYojana
908 _aN
909 _a78519
999 _c78519
_d78519